00426nam a2200157Ia 4500001000500000005001700005008004100022041000800063082001700071100002200088245010500110260000900215300002800224650000800252654000800260134520260306143721.0260306t2010||||xx |||||||||||||| ||spa|| aESP a195.92bG363 aGoglia, RosaeAUT 0aCornelio Fabro:bProfilo biografico cronologico tematico da inediti, note di archivio, testimonianze c2010 a303 páginas :c21 cm. aGEN aCHU